Physiology of exercise (Record no. 393712)

MARC details
000 -LEADER
fixed length control field 00471 a2200181 4500
005 - DATE & TIME
control field 20260112144123.0
008 - FIXED-LENGTH DATA ELEMENTS--GENERAL INFORMATION
fixed length control field 260112b |||||||| |||| 00| 0 eng d
020 ## - ISBN
International Standard Book Number 9788175249110
Price Rs. 1200.00
040 ## - CATALOGING SOURCE
Original cataloging agency VIVEKANANDA LIBRARY
082 ## - DDC NUMBER
Classification number 796.0761371
Book Number H792P
100 ## - MAIN ENTRY--PERSONAL NAME
Personal name Hoshiyar Singh
245 ## - TITLE STATEMENT
Title Physiology of exercise
260 ## - PUBLICATION, DISTRIBUTION, ETC. (IMPRINT)
Name of publisher, distributor, etc Khel Sahitya Kendra
Date of publication, distribution, etc 2025
Place of publication, distribution, etc New Delhi
300 ## - PHYSICAL DESCRIPTION
Pages 240
650 ## - Subject
Subject Physical Education
650 ## - Subject
Subject Exercise Physiology
942 ## - ADDED ENTRY ELEMENTS (KOHA)
Koha item type Books
Holdings
Withdrawn status Lost status Source of classification or shelving scheme Damaged status Not for loan Location (home branch) Sublocation or collection (holding branch) Shelving location Date acquired Koha issues (times borrowed) Koha full call number Accession No. Koha date last seen Koha item type
    Dewey Decimal Classification     VIVEKANANDA LIBRARY VIVEKANANDA LIBRARY Vivekananda Library 12/12/2025   796.0761371 H792P 443649 12/12/2025 Books
© Designed and Maintained by Vivekananda Library, MDU Rohtak